1974 World Cup Winners - West Germany - Statistics

General Stats
  • This quiz has been taken 72 times
  • The average score is 11 of 22
Answer Stats
# Position Answer % Correct
5 DF Franz Beckenbauer
98%
13 FW Gerd Müller
90%
1 GK Sepp Maier
88%
3 DF Paul Breitner
85%
2 DF Berti Vogts
73%
14 FW Uli Hoeneß
71%
12 MF Wolfgang Overath
68%
10 MF Günter Netzer
66%
4 DF Hans-Georg Schwarzenbeck
63%
9 FW Jürgen Grabowski
61%
17 FW Bernd Hölzenbein
54%
11 FW Jupp Heynckes
51%
16 MF Rainer Bonhof
46%
6 DF Horst-Dieter Höttges
37%
7 MF Herbert Wimmer
32%
8 MF Bernhard Cullmann
27%
20 DF Helmut Kremers
27%
21 GK Norbert Nigbur
27%
22 GK Wolfgang Kleff
27%
19 DF Jupp Kapellmann
24%
15 MF Heinz Flohe
20%
18 MF Dieter Herzog
15%
No matching quizzes found
Score Distribution
Percent of People with Each Score
Percentile by Number Answered
Your Score History
You have not taken this quiz